[Event "Izmailov Memorial op 11th"]
[Site "Tomsk"]
[Date "2007.??.??"]
[Round "?"]
[White "Keosidi, Konstantin"]
[Black "Gritsenko, Alexander"]
[Result "1/2-1/2"]
[WhiteElo "2313"]
[BlackElo "1974"]
[PlyCount "60"]
[EventDate "2007.06.25"]
[EventType "swiss"]
[EventRounds "9"]
[EventCountry "RUS"]
[SourceTitle "EXT 2008"]
[Source "ChessBase"]
[SourceDate "2007.11.25"]
[SourceVersion "1"]
[SourceVersionDate "2007.11.25"]
[SourceQuality "1"]

1. e4 c5 2. Nc3 Nc6 3. g3 g6 4. Bg2 Bg7 5. d3 d6 6. f4 e6 7. Nf3 Nge7 8. 0-0 0-0 9. Rb1 Rb8 10. Bd2 b5 11. a3 Qb6 12. Kh1 c4 13. dxc4 bxc4 14. Ne2 Rd8 15. Bc3 d5 16. e5 Nf5 17. Bd2 d4 18. g4 Ne3 19. Bxe3 dxe3 20. Qe1 Bb7 21. Qh4 Rd7 22. b4 Ne7 23. Rg1 Rbd8 24. Rbf1 h6 25. c3 Be4 26. Nfd4 Bxg2+ 27. Rxg2 Nd5 28. Nc2 Nxf4 29. Nxf4 g5 30. Qh5 Rd1 1/2-1/2

[Event "Izmailov Memorial op 11th"]
[Site "Tomsk"]
[Date "2007.??.??"]
[Round "?"]
[White "Yudin, Sergei"]
[Black "Gritsenko, Alexander"]
[Result "1-0"]
[WhiteElo "2508"]
[BlackElo "1974"]
[PlyCount "102"]
[EventDate "2007.06.25"]
[EventType "swiss"]
[EventRounds "9"]
[EventCountry "RUS"]
[SourceTitle "EXT 2008"]
[Source "ChessBase"]
[SourceDate "2007.11.25"]
[SourceVersion "1"]
[SourceVersionDate "2007.11.25"]
[SourceQuality "1"]

1. d4 Nf6 2. Nf3 g6 3. Bg5 Bg7 4. c3 d5 5. Nbd2 0-0 6. e3 Nbd7 7. Be2 c5 8. 0-0 b6 9. a4 Bb7 10. b4 c4 11. b5 h6 12. Bh4 g5 13. Bg3 Nh5 14. Ne1 Nxg3 15. hxg3 e5 16. g4 Qe7 17. Nc2 e4 18. a5 bxa5 19. Rxa5 Qd6 20. Nb4 Bf6 21. Qa1 Qb6 22. f3 Bd8 23. Ra2 Bc7 24. fxe4 Qd6 25. e5 Nxe5 26. dxe5 Qxe5 27. Nf3 Qxe3+ 28. Kh1 Rfe8 29. Qc1 Qe4 30. Nd4 Qe5 31. g3 Qxg3 32. Bf3 Bf4 33. Qd1 Qh3+ 34. Kg1 Be3+ 35. Rff2 Rad8 36. Qf1 Qg3+ 37. Kh1 Bxf2 38. Rxf2 Qe5 39. Bg2 Qe1 40. Qxe1 Rxe1+ 41. Kh2 Re3 42. Ra2 Ra8 43. Bxd5 Bxd5 44. Nxd5 Re5 45. Nc7 Rb8 46. Rxa7 Re3 47. Nd5 Re5 48. Rd7 Kf8 49. b6 Rxd5 50. Rxd5 Rxb6 51. Rc5 h5 1-0

[Event "Sibiria Region-ch"]
[Site "Novosibirsk"]
[Date "2003.??.??"]
[Round "3"]
[White "Kovalev, Evgeny"]
[Black "Gritsenko, Alexander"]
[Result "1-0"]
[WhiteElo "2245"]
[BlackElo "1974"]
[PlyCount "73"]
[EventDate "2003.05.??"]
[EventType "swiss"]
[EventRounds "9"]
[EventCountry "RUS"]
[SourceTitle "EXT 2008"]
[Source "ChessBase"]
[SourceDate "2007.11.25"]
[SourceVersion "1"]
[SourceVersionDate "2007.11.25"]
[SourceQuality "1"]

1. d4 d6 2. Nf3 Nf6 3. g3 g6 4. Bg2 Bg7 5. 0-0 c6 6. c4 0-0 7. Nc3 Bg4 8. e4 Qa5 9. h3 Bxf3 10. Bxf3 e5 11. Be3 Nbd7 12. d5 Qc7 13. a4 a6 14. a5 c5 15. g4 Rfb8 16. g5 Ne8 17. h4 b6 18. axb6 Nxb6 19. Be2 Qd7 20. Kg2 f5 21. gxf6 Nxf6 22. Rh1 h5 23. f3 Nc8 24. Ra2 Rb4 25. Rh3 Rab8 26. Bc1 Nb6 27. b3 Nc8 28. Rxa6 Rxb3 29. Nb5 Rb1 30. Qc2 Rxc1 31. Qxc1 Kh7 32. Qa1 Bh6 33. Ra8 Rb6 34. Qa5 Be3 35. Rxc8 Rxb5 36. Qa8 Qf7 37. Rf8 1-0

[Event "Sibiria Region-ch"]
[Site "Novosibirsk"]
[Date "2003.??.??"]
[Round "1"]
[White "Saveljev, Vladislav"]
[Black "Gritsenko, Alexander"]
[Result "1-0"]
[WhiteElo "2409"]
[BlackElo "1974"]
[PlyCount "69"]
[EventDate "2003.05.??"]
[EventType "swiss"]
[EventRounds "9"]
[EventCountry "RUS"]
[SourceTitle "EXT 2008"]
[Source "ChessBase"]
[SourceDate "2007.11.25"]
[SourceVersion "1"]
[SourceVersionDate "2007.11.25"]
[SourceQuality "1"]

1. e4 d6 2. d4 Nf6 3. Bd3 g6 4. Nf3 Bg7 5. 0-0 c6 6. h3 0-0 7. Re1 Re8 8. c4 e5 9. d5 Nbd7 10. Nc3 Nc5 11. Bc2 cxd5 12. cxd5 Bd7 13. Be3 Qc8 14. Rc1 a5 15. Na4 Nxa4 16. Bxa4 Qd8 17. Bxd7 Qxd7 18. Nd2 Rec8 19. Qb3 b5 20. f3 Nh5 21. Nb1 Ng3 22. Kh2 Nh5 23. Na3 b4 24. Nc4 Rab8 25. Nb6 Rxb6 26. Rxc8+ Qxc8 27. Bxb6 Bh6 28. Be3 Nf4 29. Rc1 Qd8 30. g3 Ne2 31. Bxh6 Nxc1 32. Bxc1 Qb6 33. Be3 Qb5 34. Qd1 Qc4 35. b3 1-0